00973nam a2200229Ia 450000500170000000800410001702000180005804000180007604100080009408200210010210000270012324500490015025000120019926000590021130000250027065000330029565000290032894200310035799900190038895201680040795201680057520220616124513.0210716s2014 xx 000 0 und d a9789325975651 cAIMIT LIBRARY aeng a005.73 21bKHUR aKhurana, Rohit.943366 aData structures using c /cBy Rohit Khurana. a1st ed. aNew Delhi :bVikas Publishing House Pvt Ltd ,c2014 . axii, 576p. ;c24 cm. asorting and searching943367 aStacks and queues943368 2ddccBKe1st k005.73 KHUR c194058d194058 00102ddc40708MCAaAIMITbAIMITeKnowledge Worldg395.00iBill no:173; Bill dt:2014-07-12l0o005.73 KHURpMCA13566r2026-05-23 00:00:00v296.25w2021-07-16yBK 00102ddc40708MCAaAIMITbAIMITeKnowledge Worldg395.00iBill no:445; Bill dt:2015-03-20l0o005.73 KHURpMCA14084r2026-05-23 00:00:00v296.25w2021-07-16yBK